|
|
|
|
| LEADER |
00000nam0a2200000 4500 |
| 001 |
321436 |
| 005 |
20231102003356.0 |
| 035 |
|
|
|a (RuTPU)RU\TPU\book\346991
|
| 035 |
|
|
|a RU\TPU\book\69108
|
| 090 |
|
|
|a 321436
|
| 100 |
|
|
|a 20160825d1979 k y0rusy50 ca
|
| 101 |
0 |
|
|a rus
|
| 102 |
|
|
|a RU
|
| 105 |
|
|
|a y g 001zy
|
| 200 |
1 |
|
|a Номенклатурные правила ИЮПАК по химии
|h Т. 1. Полутом 2 : Неорганическая химия. Физическая химия. Аналитическая химия
|f Международный союз теоретической и прикладной химии (ИЮПАК)
|
| 210 |
|
|
|a Москва
|c Изд-во ВИНИТИ
|d 1979
|
| 215 |
|
|
|a 290-351 л.
|
| 320 |
|
|
|a Библиогр.: с. 341-342 л.
|
| 606 |
1 |
|
|a Химия
|2 stltpush
|3 (RuTPU)RU\TPU\subj\17362
|9 43035
|
| 610 |
1 |
|
|a терминология
|
| 610 |
1 |
|
|a номенклатурные правила
|
| 610 |
1 |
|
|a термины
|
| 610 |
1 |
|
|a названия
|
| 610 |
1 |
|
|a символы
|
| 610 |
1 |
|
|a номенклатура
|
| 610 |
1 |
|
|a справочники
|
| 610 |
1 |
|
|a физические величины
|
| 610 |
1 |
|
|a химические величины
|
| 610 |
1 |
|
|a единицы измерения
|
| 610 |
1 |
|
|a числа
|
| 610 |
1 |
|
|a математические обозначения
|
| 610 |
1 |
|
|a химические элементы
|
| 610 |
1 |
|
|a нуклиды
|
| 610 |
1 |
|
|a спектроскопия
|
| 610 |
1 |
|
|a водородный показатель
|
| 610 |
1 |
|
|a химические реакции
|
| 610 |
1 |
|
|a библиотека А. Г. Стромберга
|
| 675 |
|
|
|a 54(035)
|v 3
|
| 712 |
0 |
2 |
|a Международный союз теоретической и прикладной химии (ИЮПАК)
|2 stltpush
|3 (RuTPU)RU\TPU\col\15123
|
| 801 |
|
1 |
|a RU
|b 63413507
|c 20040616
|g PSBO
|
| 801 |
|
2 |
|a RU
|b 63413507
|c 20170919
|g PSBO
|
| 942 |
|
|
|c BK
|